Library Banner

کورٹ مارشل (Record no. 80667)

MARC details
000 -LEADER
fixed length control field 00378nam a22001457a 4500
005 - DATE AND TIME OF LATEST TRANSACTION
control field 20151207154424.0
008 - FIXED-LENGTH DATA ELEMENTS--GENERAL INFORMATION
fixed length control field 151207b xxu||||| |||| 00| 0 eng d
040 ## - CATALOGING SOURCE
Transcribing agency PK-LaUMT
082 ## - DEWEY DECIMAL CLASSIFICATION NUMBER
Classification number MSC 923.5
Item number JAL-C
100 ## - MAIN ENTRY--PERSONAL NAME
Personal name جلیس سلاسل
245 ## - TITLE STATEMENT
Title کورٹ مارشل
Statement of responsibility, etc جلیس سلاسل
260 ## - PUBLICATION, DISTRIBUTION, ETC. (IMPRINT)
Place of publication, distribution, etc کراچی
Name of publisher, distributor, etc الجلیس
Date of publication, distribution, etc 1999
300 ## - PHYSICAL DESCRIPTION
Extent 288 ص
942 ## - ADDED ENTRY ELEMENTS (KOHA)
Koha item type Books
Holdings
Withdrawn status Lost status Damaged status Home library Current library Date acquired Full call number Barcode Date last seen Price effective from Koha item type
      UMT Main Campus UMT Main Campus 2015-12-07 MSC 923.5 JAL-C 95735 2021-08-10 2015-12-07 Books